000 00743nam a2200265Ia 4500
003 OSt
005 20220918201327.0
006 a|||||r|||| 00| 0
007 ta
008 220917b |||||||| |||| 00| 0 eng d
024 _a93,151
037 _cTextual
040 _aARTS
_cARTS
_beng
041 _2eng
_aeng
082 _aV1:7(NH), M5
100 _aArnold Dean E.
_998150
245 0 _aCeramic theory and cultural precess
260 _aCambridge
_bCambridge University Press
_c1985
300 _axi, 268p.
_ccm.
490 _aNew studies in archaeology
500 _aBibliography p239--257
650 _aARCHEOLOGY; HISTORY
_91499
942 _hV1:7(NH), M5
_cTEXL
_2CC
999 _c216799
_d216799